Nền và móng các công trình dân dụng - công nghiệp

Kaydedildi:
Detaylı Bibliyografya
Yazar: Nguyễn Văn Quảng
Materyal Türü: Kitap
Dil:Undetermined
Baskı/Yayın Bilgisi: Hà Nội Xây dựng 2002
Konular:
Etiketler: Etiketle
Etiket eklenmemiş, İlk siz ekleyin!
Thư viện lưu trữ: Trung tâm Học liệu Trường Đại học Cần Thơ
LEADER 00634nam a2200193Ia 4500
001 CTU_62471
008 210402s9999 xx 000 0 und d
020 |b 45000 
082 |a 624.15 
082 |b Qu106 
100 |a Nguyễn Văn Quảng 
245 0 |a Nền và móng các công trình dân dụng - công nghiệp 
245 0 |c Nguyễn Văn Quảng, Nguyễn Hữu Kháng và Uông Đình Chất 
260 |a Hà Nội 
260 |b Xây dựng 
260 |c 2002 
650 |a foundations,underground engineering 
904 |i Minh 
980 |a Trung tâm Học liệu Trường Đại học Cần Thơ